| 000 | 00708cab a2200217 4500 | ||
|---|---|---|---|
| 001 | WB2642-14 | ||
| 008 | 090401t1990 xxu||||| |||| 00| 0 eng d | ||
| 035 | _a(Sirsi) u2854 | ||
| 041 | _aeng | ||
| 245 | _aTurning over a new green leaf | ||
| 260 | _c1990 | ||
| 350 | _a0 | ||
| 490 |
_aFinancial Times _v24/10/90 p14 |
||
| 520 | _aLooks at Norsk-Hydro `s first environmental audit "UK environmental report". (Norsk Hydro UK, Bridge House, 69 London Road, Twickenham Middx TW1 1EE). Results were independently assessed by Lloyds Register. | ||
| 650 | _aINDUSTRY | ||
| 650 | _aNOISE LEVELS | ||
| 650 | _aPOLLUTION | ||
| 690 | _aENVIRONMENTAL AND LAND CONSULTANCY | ||
| 942 | _n0 | ||
| 948 | _c04/03/1997 | ||
| 999 |
_c1716 _d1716 |
||